[Event "Rouen op 9th"]
[Site "Rouen"]
[Date "2016.12.17"]
[Round "1"]
[White "Benassis, Nicola Henri"]
[Black "Javor, Besim"]
[Result "0-1"]
[WhiteElo "1448"]
[BlackElo "1873"]
[PlyCount "92"]
[EventDate "2016.12.17"]
[EventType "swiss"]
[EventRounds "7"]
[EventCountry "FRA"]
[SourceTitle "CBM 176 Extra"]
[Source "ChessBase"]
[SourceDate "2017.03.02"]
[SourceVersion "1"]
[SourceVersionDate "2017.03.02"]
[SourceQuality "1"]

1. e4 e5 2. Nf3 Nc6 3. Bb5 Bc5 4. 0-0 Nd4 5. Nxd4 Bxd4 6. c3 Bb6 7. d4 c6 8. Ba4 Qe7 9. Bb3 d6 10. Kh1 Nf6 11. Qd3 h6 12. Nd2 Be6 13. Bxe6 Qxe6 14. Nf3 0-0-0 15. Re1 g5 16. b4 Ng4 17. Re2 Rhf8 18. a4 f5 19. a5 Bc7 20. h3 fxe4 21. Qxe4 Nf6 22. Qd3 e4 23. Qc2 d5 24. Ba3 Rf7 25. Nd2 a6 26. c4 Qd6 27. g3 Qe6 28. cxd5 Qxh3+ 29. Kg1 cxd5 30. Nf1 Qd7 31. Kg2 Ne8 32. Qc5 Kb8 33. Rb2 Qb5 34. Rc1 Nd6 35. Rbc2 Qxc5 36. bxc5 Nb5 37. Bb4 Nxd4 38. Rd2 Nc6 39. Bc3 d4 40. Bb2 Bxa5 41. Rdd1 h5 42. Rc4 Rfd7 43. Bc1 Rd5 44. Bb2 Bb4 45. Nd2 e3 46. fxe3 dxe3 0-1